000 00183 a2200097 4500
020 _a9780836847628
041 _aspa
100 _aBrown, Jonatha A.
245 _aRosa Parks
942 _cBK
999 _c9967
_d9967